000 00601nam a2200181 a 4500
008 120416s1968 ||||||||||||||||| || u
050 _aHG 4517 Dia
100 _aDiamond, William
245 1 0 _aDevelopment finance companies
246 _aaspects of policy and operations
260 _aBaltimore
_bWorld Bank
_c1968
300 _avi, 119p.
350 _a0.00
700 _aMathew, P. M
700 _aKuiper, E. T
700 _aGustafson, Douglas
995 _D0.00
_FCBU-MAIN LIBRARY (Kitwe)
_H1
_I0.00
_M1
_UDAMAGED
_ZMain Library Open Access Collection
999 _c39975
_d39975